| 000 | 00723nam a2200241Ia 4500 | ||
|---|---|---|---|
| 008 | |||
| 020 | _a0273649434 (pbk.) | ||
| 049 | _aMAIN | ||
| 090 |
_aHD30.2 _bNOK |
||
| 100 | 1 | _aNokes, Sebastian. | |
| 245 | 1 | 0 |
_aTaking control of IT costs / _cSebastian Nokes. |
| 260 |
_aHarlow : _bFinancial Times, _c2000. |
||
| 300 |
_ax, 214 p. : _bill. ; _c24 cm. |
||
| 504 | _aIncludes bibliographical references. | ||
| 500 | _aIncludes index. | ||
| 650 | 0 |
_aInformation technology _xManagement. |
|
| 650 | 0 |
_aInformation technology _xCost control. |
|
| 907 |
_a.b10318161 _b16-10-12 _c17-09-12 |
||
| 003 | |||
| 005 | 20230123125447.0 | ||
| 040 | _cNUST | ||
| 942 |
_cBOOKS _kHD30.2 _mNOK |
||
| 999 |
_c141898 _d141898 |
||